000 00645nam a22001937a 4500
005 20251108164833.0
008 250721s1980 xx 000 0 ara d
082 1 4 _a813.909563/صبر
100 1 _aحمادى، صبري مسلم
245 1 0 _aأثر التراث الشعبي في الرواية العراقية الحديثة /
264 1 _aبيروت :
_bالمؤسسة العربية للدراسات و النشر،
_c1980.
300 _a235ص
650 1 7 _aالقصص العربية
650 1 7 _aالتاريخ الأدبي
650 1 7 _aالنقد الأدبي
650 1 7 _aالعراق
942 _2ddc
_cBK
999 _c15553
_d15553